<?xml version="1.0" encoding="UTF-8"?>
<collection xmlns="http://www.loc.gov/MARC21/slim">
 <record>
  <leader>02377nam a2200277 a 4500</leader>
  <controlfield tag="001">1/45056</controlfield>
  <controlfield tag="008">140724s2004    ne            001 0 eng  </controlfield>
  <datafield tag="020" ind1=" " ind2=" ">
   <subfield code="a">9781555582944</subfield>
  </datafield>
  <datafield tag="020" ind1=" " ind2=" ">
   <subfield code="a">155558294X</subfield>
  </datafield>
  <datafield tag="035" ind1=" " ind2=" ">
   <subfield code="l">48014</subfield>
  </datafield>
  <datafield tag="040" ind1=" " ind2=" ">
   <subfield code="a">OPELS</subfield>
   <subfield code="b">eng</subfield>
   <subfield code="c">OPELS</subfield>
   <subfield code="d">OCLCG</subfield>
   <subfield code="d">OCLCQ</subfield>
   <subfield code="d">OCLCF</subfield>
   <subfield code="d">GR-PeUP</subfield>
  </datafield>
  <datafield tag="100" ind1="1" ind2=" ">
   <subfield code="a">Cochran, Jerry,</subfield>
   <subfield code="d">1964-</subfield>
  </datafield>
  <datafield tag="245" ind1="1" ind2="0">
   <subfield code="a">Mission-critical Microsoft Exchange 2003</subfield>
   <subfield code="h">[electronic resource] :</subfield>
   <subfield code="b">designing and building reliable exchange servers /</subfield>
   <subfield code="c">Jerry Cochran.</subfield>
  </datafield>
  <datafield tag="260" ind1=" " ind2=" ">
   <subfield code="a">Amsterdam ;</subfield>
   <subfield code="a">Boston :</subfield>
   <subfield code="b">Elsevier Digital Press,</subfield>
   <subfield code="c">c2004.</subfield>
  </datafield>
  <datafield tag="300" ind1=" " ind2=" ">
   <subfield code="a">1 online resource (xx, 409 p.) :</subfield>
   <subfield code="b">ill.</subfield>
  </datafield>
  <datafield tag="520" ind1=" " ind2=" ">
   <subfield code="a">Mission-Critical Microsoft Exchange 2003 provides a complete update of Cochran's Mission-Critical Microsoft Exchange 2000, and complements Tony Redmond's new book, the best-selling Microsoft Exchange Server 2003. This book includes many of the same high-availability topics as the first edition but also expands the coverage of storage technology, server technology, management, and security. The book meets the needs of an Exchange administrator or system implementer who is striving to maintain a production Exchange environment that delivers superior service levels, high availability, manageability and scalability with the lowest cost of ownership. Gives &quot;lessons learned&quot; and other best practices from organizations that have successfully deployed Exchange Includes material on the forthcoming release of Exchange 2003 Offers advice from one of the most experienced storage practitioners.</subfield>
  </datafield>
  <datafield tag="505" ind1="0" ind2=" ">
   <subfield code="a">Mission-Critical Exchange; Analyzing Downtime Outages; Exchange Database Technology Foundations; Exchange Disaster Recovery Technology; Exchange 2000 Disaster Recovery Best Practices; Leveraging Storage Technology; Leveraging Cluster Technologies for Exchange; Don't Overlook Security as a Powerful High-Availability Measure; Bringing It All Together With Proactive Management; Appendixes.</subfield>
  </datafield>
  <datafield tag="504" ind1=" " ind2=" ">
   <subfield code="a">Includes bibliographical references and index.</subfield>
  </datafield>
  <datafield tag="630" ind1="0" ind2="0">
   <subfield code="a">Microsoft Exchange server.</subfield>
  </datafield>
  <datafield tag="650" ind1=" " ind2="4">
   <subfield code="a">Client/server computing.</subfield>
  </datafield>
  <datafield tag="650" ind1=" " ind2="4">
   <subfield code="a">Electronic mail systems.</subfield>
  </datafield>
  <datafield tag="655" ind1=" " ind2="4">
   <subfield code="a">Electronic books.</subfield>
  </datafield>
  <datafield tag="852" ind1=" " ind2=" ">
   <subfield code="a">INST</subfield>
   <subfield code="b">UNIPILB</subfield>
   <subfield code="c">EBOOKS</subfield>
   <subfield code="e">20140724</subfield>
   <subfield code="p">00b48014</subfield>
   <subfield code="q">00b48014</subfield>
   <subfield code="t">ONLINE</subfield>
   <subfield code="y">0</subfield>
  </datafield>
  <datafield tag="856" ind1="4" ind2="0">
   <subfield code="3">ScienceDirect</subfield>
   <subfield code="u">http://www.sciencedirect.com/science/book/9781555582944</subfield>
  </datafield>
  <datafield tag="856" ind1="4" ind2=" ">
   <subfield code="d">/webopac/covers/03/48014_9781555582944.jpg</subfield>
  </datafield>
  <datafield tag="856" ind1="4" ind2=" ">
   <subfield code="d">/webopac/covers/03/48014_155558294X.jpg</subfield>
  </datafield>
 </record>
</collection>
